[Event "Memorial Zita 2019"]
[Site "Prague"]
[Date "2019.06.28"]
[Round "8.4"]
[White "Neckar, Lubomir"]
[Black "Kiss, Pal"]
[Result "1/2-1/2"]
[WhiteElo "2285"]
[BlackElo "2278"]
[Annotator "NA"]
[PlyCount "37"]
[EventDate "2019.06.23"]
[EventType "tourn"]
[EventCountry "CZE"]
[SourceTitle "playchess.com"]
[Source "ChessBase"]
[SourceQuality "1"]
[TimeControl "5400+30"]

1. Nf3 {[%emt 0:00:00]} Nf6 {[%emt 0:00:00]} 2. g3 {[%emt 0:00:00]} d5 {[%emt 0:00:26]} 3. Bg2 {[%emt 0:00:00]} c6 {[%emt 0:00:12]} 4. O-O {[%emt 0:00:03]} Bg4 {[%emt 0:00:32]} 5. c4 {[%emt 0:00:14]} e6 {[%emt 0:00:18]} 6. d3 {[%emt 0:00:20]} Nbd7 {[%emt 0:00:25]} 7. cxd5 {[%emt 0:00:15]} cxd5 {[%emt 0:00:22]} 8. Qb3 {[%emt 0:00:10]} Nc5 {[%emt 0:10:09]} 9. Qb5+ {[%emt 0:00:36]} Qd7 {[%emt 0:04:21]} 10. Qxd7+ {[%emt 0:00:13]} Ncxd7 {[%emt 0:08:53]} 11. Nc3 {[%emt 0:00:21]} Bc5 {[%emt 0:02:58]} 12. h3 {[%emt 0:10:18]} Bxf3 {[%emt 0:10:39]} 13. Bxf3 {[%emt 0:00:07]} Ne5 {[%emt 0:01:30]} 14. Bg2 {[%emt 0:00:24]} O-O {[%emt 0:11:46]} 15. Bf4 {[%emt 0:02:03]} Ng6 {[%emt 0:02:12]} 16. Bd2 {[%emt 0:01:06]} a6 {[%emt 0:03:12]} 17. Rac1 {[%emt 0:01:29]} Rac8 {[%emt 0:40:35]} 18. Na4 {[%emt 1:21:21]} Bd4 {[%emt 0:00:30]} 19. Rxc8 {[%emt 0:00:00]} 1/2-1/2

[Event "Memorial Zita 2019"]
[Site "Prague"]
[Date "2019.06.28"]
[Round "8.5"]
[White "Trickov, Vasil"]
[Black "Fedorov, Evgueny"]
[Result "1/2-1/2"]
[WhiteElo "2319"]
[BlackElo "2250"]
[Annotator "TA"]
[PlyCount "62"]
[EventDate "2019.06.23"]
[EventType "tourn"]
[EventCountry "CZE"]
[SourceTitle "playchess.com"]
[Source "ChessBase"]
[SourceQuality "1"]

{[%evp 9,62,-14,-1,-15,-14,-20,18,0,21,0,0,0,0,-10,-8,-22,-22,-19,-24,-56,-3,-1,6,0,0,-10,0,0,0,-21,-22,-22,0,0,0,0,0,0,0,-52,-7,-10,0,-8,0,4,9,0,0,0,0,0,0,0,1]} 1. d4 Nf6 2. Nf3 e6 3. g3 b5 4. a4 b4 5. c4 bxc3 6. Nxc3 {A46: 1 d4 Nf6 2 Nf3 e6: Torre, London and Colle Systems} Bb7 7. Bg2 $1 c5 (7... a5 8. O-O Na6 9. Bf4 Be7 10. Qb1 d5 11. Ne5 O-O 12. Rc1 c6 13. e4 {0-1 (46) Adly,A (2611)-Abdusattorov,N (2560) Dubai 2019}) 8. O-O cxd4 9. Nb5 a6 10. Nbxd4 Be7 11. b3 $146 ({Predecessor:} 11. a5 Nc6 12. Nb3 O-O 13. Be3 Nd5 14. Bd2 Rb8 15. e4 {0-1 (53) Trichkov,V (2395)-Dobosz,H (2430) Cuxhaven 1993}) 11... O-O 12. Ba3 Bxa3 13. Rxa3 Be4 14. b4 Nc6 (14... Qe7 $15) 15. Nxc6 $11 Bxc6 16. Qd6 Qb8 17. Rd1 Bd5 18. Qxb8 Raxb8 19. Ne5 Rxb4 20. Bxd5 exd5 21. Nd3 Rc4 22. Rb1 Re8 23. Rb6 Re6 24. a5 (24. Rb8+ $11 Re8 25. Rxe8+ Nxe8 26. Ne5) 24... h5 ({But not} 24... Rxe2 $6 25. Rxa6 Rc7 26. Rb6 $16) 25. Nf4 {The position is equal.} Rec6 26. h4 R4c5 27. Nd3 Rc4 28. Kg2 Re6 29. Nf4 Rec6 30. Nd3 Re6 31. Nf4 Rec6 {Accuracy: White = 44%, Black = 56%.} 1/2-1/2

[Event "Memorial Zita 2019"]
[Site "Prague"]
[Date "2019.06.29"]
[Round "9.1"]
[White "Fedorov, Evgueny"]
[Black "Netusil, Miloslav"]
[Result "1-0"]
[WhiteElo "2250"]
[BlackElo "2189"]
[Annotator "NA"]
[PlyCount "27"]
[EventDate "2019.06.23"]
[EventType "tourn"]
[EventCountry "CZE"]
[SourceTitle "playchess.com"]
[Source "ChessBase"]
[SourceQuality "1"]
[TimeControl "5400+30"]

1. e4 {[%emt 0:00:00]} e6 {[%emt 0:00:00]} 2. d4 {[%emt 0:00:00]} d5 {[%emt 0:00:00]} 3. Nc3 {[%emt 0:00:00]} Be7 {[%emt 0:00:26]} 4. Nf3 {[%emt 0:00:12]} Nf6 {[%emt 0:00:54]} 5. Bd3 {[%emt 0:00:27]} c5 {[%emt 0:07:31]} 6. exd5 {[%emt 0:00:11]} cxd4 {[%emt 0:01:29]} 7. Bb5+ {[%emt 0:06:55]} Bd7 {[%emt 0:02:49]} 8. Bxd7+ {[%emt 0:01:02]} Qxd7 {[%emt 0:00:17]} 9. dxe6 {[%emt 0:02:01]} Qxe6+ {[%emt 0:00:39]} 10. Ne2 {[%emt 0:00:09]} Bb4+ $16 {[%emt 0:03:09]} 11. Bd2 {[%emt 0:15:51]} Bc5 {[%emt 0:00:35]} 12. O-O {[%emt 0:00:08]} Nc6 {[%emt 0:00:20]} 13. b4 {[%emt 0:20:49]} d3 {[%emt 0:03:49]} 14. Nf4 {[%emt 0:01:11]} 1-0

[Event "Memorial Zita 2019"]
[Site "Prague"]
[Date "2019.06.29"]
[Round "9.2"]
[White "Kiss, Pal"]
[Black "Trickov, Vasil"]
[Result "1/2-1/2"]
[WhiteElo "2278"]
[BlackElo "2319"]
[Annotator "ChessBase"]
[PlyCount "20"]
[EventDate "2019.06.23"]
[EventType "tourn"]
[EventCountry "CZE"]
[SourceTitle "playchess.com"]
[Source "ChessBase"]
[SourceQuality "1"]
[TimeControl "5400+30"]

1. d4 d5 2. c4 c6 3. Nf3 Nf6 4. cxd5 cxd5 5. Nc3 Nc6 6. Bf4 Bf5 7. e3 e6 8. Bd3 Bxd3 9. Qxd3 Bd6 10. Bxd6 Qxd6 1/2-1/2

[Event "Memorial Zita 2019"]
[Site "Prague"]
[Date "2019.06.29"]
[Round "9.3"]
[White "Novy, Filip"]
[Black "Neckar, Lubomir"]
[Result "1-0"]
[WhiteElo "2170"]
[BlackElo "2285"]
[Annotator "NA"]
[PlyCount "65"]
[EventDate "2019.06.23"]
[EventType "tourn"]
[EventCountry "CZE"]
[SourceTitle "playchess.com"]
[Source "ChessBase"]
[SourceQuality "1"]
[TimeControl "5400+30"]

1. e4 {[%emt 0:44:36]} Nf6 {[%emt 0:00:00]} 2. e5 {[%emt 0:01:23]} Nd5 {[%emt 0:00:00]} 3. d4 {[%emt 0:00:10]} d6 {[%emt 0:00:00]} 4. c4 {[%emt 0:00:05]} Nb6 {[%emt 0:00:00]} 5. exd6 {[%emt 0:00:03]} exd6 {[%emt 0:03:58]} 6. Nc3 {[%emt 0:00:15]} Be7 {[%emt 0:00:16]} 7. Bd3 {[%emt 0:05:05]} O-O {[%emt 0:02:32]} 8. Nge2 {[%emt 0:42:23]} Nc6 {[%emt 0:12:14]} 9. O-O {[%emt 0:00:00]} Bf6 {[%emt 0:01:43]} 10. a3 {[%emt 0:00:00]} g6 {[%emt 0:16:46]} 11. Be3 {[%emt 0:00:00]} Re8 {[%emt 0:13:09]} 12. h3 {[%emt 0:00:00]} Bg7 {[%emt 0:08:41]} 13. Rc1 {[%emt 0:00:00]} Ne7 {[%emt 0:14:10]} 14. d5 {[%emt 0:00:00]} Bf5 {[%emt 0:06:39]} 15. Ng3 {[%emt 0:00:00]} Qd7 {[%emt 0:05:57]} 16. b3 {[%emt 0:00:00]} Rad8 {[%emt 0:03:59]} 17. Re1 {[%emt 0:00:00]} Nbc8 {[%emt 0:02:34]} 18. Bf1 {[%emt 0:00:00]} c5 {[%emt 0:00:56]} 19. Qd2 {[%emt 0:00:00]} a6 {[%emt 0:01:40]} 20. b4 {[%emt 0:00:00]} b6 {[%emt 0:00:11]} 21. Bf4 {[%emt 0:00:00]} Qc7 {[%emt 0:00:59]} 22. Nce4 {[%emt 0:00:00]} Bxe4 {[%emt 0:01:52]} 23. Nxe4 {[%emt 0:00:00]} f6 {[%emt 0:02:11]} 24. g4 {[%emt 0:00:00]} g5 {[%emt 0:00:37]} 25. Bg3 {[%emt 0:00:00]} Ng6 {[%emt 0:00:09]} 26. Bd3 {[%emt 0:00:00]} Ne5 {[%emt 0:00:04]} 27. Bxe5 {[%emt 0:00:00]} Rxe5 {[%emt 0:00:22]} 28. Ng3 {[%emt 0:00:00]} Rde8 {[%emt 0:00:45]} 29. Rxe5 {[%emt 0:00:00]} Rxe5 {[%emt 0:00:07]} 30. Qc2 {[%emt 0:00:00]} Bh8 {[%emt 0:01:36]} 31. Bf5 {[%emt 0:00:00]} Re7 {[%emt 0:00:44]} 32. Be6+ {[%emt 0:00:00]} Kf8 {[%emt 0:00:19]} 33. Qf5 {[%emt 0:00:00]} 1-0

[Event "Memorial Zita 2019"]
[Site "Prague"]
[Date "2019.06.29"]
[Round "9.4"]
[White "Vokoun, Jan"]
[Black "Pribylova, Sofie"]
[Result "1/2-1/2"]
[WhiteElo "2072"]
[BlackElo "2069"]
[Annotator "NA"]
[PlyCount "23"]
[EventDate "2019.06.23"]
[EventType "tourn"]
[EventCountry "CZE"]
[SourceTitle "playchess.com"]
[Source "ChessBase"]
[SourceQuality "1"]
[TimeControl "5400+30"]

1. Nf3 {[%emt 0:00:00]} Nf6 {[%emt 0:00:23]} 2. c4 {[%emt 0:00:43]} g6 {[%emt 0:00:39]} 3. Nc3 {[%emt 0:02:12]} d5 {[%emt 0:00:30]} 4. cxd5 {[%emt 0:01:13]} Nxd5 {[%emt 0:00:05]} 5. Qa4+ {[%emt 0:01:50]} c6 {[%emt 0:01:45]} 6. Qd4 {[%emt 0:12:18]} f6 {[%emt 0:01:56]} 7. e4 {[%emt 0:00:28]} Nc7 {[%emt 0:02:52]} 8. Qxd8+ {[%emt 0:00:26]} Kxd8 {[%emt 0:00:03]} 9. d4 {[%emt 0:02:06]} Be6 {[%emt 0:01:19]} 10. Be3 {[%emt 0:00:28]} Nd7 {[%emt 0:01:51]} 11. h3 {[%emt 0:04:59]} h5 {[%emt 0:01:07]} 12. O-O-O {[%emt 0:30:37]} 1/2-1/2

[Event "Memorial Zita 2019"]
[Site "Prague"]
[Date "2019.06.29"]
[Round "9.5"]
[White "Frolov, Artur"]
[Black "Semenova, Elena"]
[Result "0-1"]
[WhiteElo "2453"]
[BlackElo "2255"]
[Annotator "TA"]
[PlyCount "40"]
[EventDate "2019.06.23"]
[EventType "tourn"]
[EventCountry "CZE"]
[SourceTitle "playchess.com"]
[Source "ChessBase"]
[SourceQuality "1"]

{[%evp 21,40,-31,43,0,5,-238,-238,-241,-217,-304,-295,-334,-342,-393,-248,-231,-233,-234,-76,-585,-562]} 1. e4 e5 2. Nf3 Nc6 3. Bc4 Nf6 4. Ng5 d5 5. exd5 Na5 6. Bb5+ c6 7. dxc6 bxc6 8. Be2 h6 9. Nf3 e4 10. Ne5 Bd6 11. f4 O-O (11... exf3 $15 12. Nxf3 O-O) 12. d4 {C59: Two Knights: 4 Ng5 d5 5 exd5 Na5 5 Bb5+ c6 6 dxc6 bxc6 7 Be2} (12. Nc3 c5 13. d4 cxd4 14. Qxd4 Bxe5 15. Qxe5 Nc6 16. Qc5 Nd4 17. Bd1 e3 18. O-O Re8 19. Ne2 Nf5 {0-1 (28) Losev,D (2321)-Javakhadze,Z (2413) Moscow 2012}) 12... exd3 13. Nxd3 $2 {[#]} (13. Qxd3 $11 {and White stays safe.} Nd5 14. Bd2) 13... Qb6 $1 $19 14. Nc3 {Black is clearly better.} Re8 {[%mdl 1024] Black has strong compensation.} 15. Kf1 $146 (15. Ne5 $142 Bxe5 16. fxe5) ({Predecessor:} 15. Na4 Qd4 16. c3 Rxe2+ 17. Qxe2 Qxa4 18. O-O Bg4 19. Qf2 Nb3 {0-1 (75) Gonzalez,B (2286)-Marrero Lopez,Y (2271) Sao Paulo 2004}) 15... Nc4 16. Bf3 Ba6 17. Na4 Ne3+ 18. Bxe3 Qxe3 19. g3 {[#] intending Kg2.} Nd5 $2 (19... Qd4 $1 $19 {[%cal Rd4a4] is more deadly.} 20. Nc3 Re3) 20. Bxd5 $4 {[%mdl 8192]} (20. Nc3 $17 {prevents the worst.}) 20... cxd5 {Accuracy: White = 20%, Black = 59%.} 0-1